000 00990nam a22001937a 4500
999 _c371839
_d371839
008 201222b ||||| |||| 00| 0 eng d
040 _bger
_cDE-2950
_erda
_aDE-2950
041 _ager
100 _aGasiecki, Joachim:
245 _aZusammen Geschichte erleben!
_bDeutsche und polnische Jugendliche aktiv für die Erinnerungskultur. Erster Workshop vom 26. - 28. Januar 2022. 77 Jahre nach dem Massaker von Sonnenburg erinnern Menschen ... an dem historischen Ort der Opfer ... /
_cText und Bilder Kulturerben e.V., Eberswalde
264 _c2022
600 _aBeyme, Karl Friedrich von; Politiker, Staatsminister, Jurist, 1765-1838
653 _aSonnenburg <Woiwodschaft Lebus>
773 _dFürstenwalde: Landsmannschaft Ostbrandenburg/ Neumark e.V.
_tOstbrandenburg-Neumark-Kurier: Informationsblatt der Landsmannschaft Ostbrandenburg/Neumark e.V.
_g36. Jahrgang (2022) Nr. 2, Juni 2022, S. 2-3
942 _cA